00810nam a2200205Ia 4500003000900000008004100009020001800050040001600068080001600084100002700100245013600127260004600263300001600309650003300325650005200358650003600410942000700446999001700453952013400470IN-BaIIA211028s9999 xx 000 0 eng d a90-411-2119-6 cIIA Library a347.78bALI aMashelkar, R. 929017 0aIntellectual property and competitive strategies in the 21st centurycS. Alikhan and R. Mashelkar  aThe HaguebKluwer Law Internationalc2004 axiii, 217p. aIntellectual Property929018 aIntellectual property - Economic aspects929019 aTechnological innovation929020 cBK c15740d15740 00104070aBANbBANcGENd2004-09-14eANJ g4815.25l0o347.78/ ALIp16662r2021-11-05v4815.25w2004-09-14yBKGRs. 4815.25